Fuerzas armadas y política en América Latina: bibliografía selecta
Uloženo v:
| Hlavní autor: | |
|---|---|
| Médium: | Kniha |
| Jazyk: | španělština |
| Vydáno: |
Santiago
Instituto Latinoamericano de Investigaciones Sociales
1972
|
| Edice: | Estudios y Documentos, 15
|
| Témata: | |
| Tagy: |
Přidat tag
Žádné tagy, Buďte první, kdo vytvoří štítek k tomuto záznamu!
|
MARC
| LEADER | 00000nam a2200000 a 4500 | ||
|---|---|---|---|
| 001 | UCT8671 | ||
| 003 | CL-VaPUC | ||
| 008 | 970326e19720700CL |||||||||||||||||spa|d | ||
| 082 | 0 | 4 | |a 322.5 |b LIN |2 21 |
| 100 | |a Lindenberg, Klaus |e autor |9 380562 | ||
| 245 | 1 | 0 | |a Fuerzas armadas y política en América Latina: bibliografía selecta |
| 300 | |a 199 p | ||
| 942 | |c BK | ||
| 945 | |d 19970326 00:00:00 |a paguirre | ||
| 260 | |a Santiago |b Instituto Latinoamericano de Investigaciones Sociales |c 1972 | ||
| 650 | 0 | |a Fuerzas Armadas |9 255504 | |
| 650 | 7 | |a POLITICA DE DEFENSA |2 CL-VaPUC |9 336840 | |
| 650 | 0 | |a Sociedad |9 307903 | |
| 650 | 0 | |a Política |9 255312 | |
| 650 | 0 | |a Sociología política |9 255920 | |
| 650 | 0 | |a Bibliografías |9 257071 | |
| 651 | 0 | |a América Latina |9 255027 | |
| 583 | |a last modification |c 19970326 00:00:00 |k Rodrigo Vera | ||
| 490 | 0 | |a Estudios y Documentos, 15 | |
| 999 | |c 257158 |d 257156 | ||
| 952 | |0 0 |1 0 |4 0 |6 322_500000000000000_LIN_1972 |7 0 |8 P |9 280418 |a BIBDER |b BIBDER |d 2019-11-19 |i 1815245 |o 322.5 LIN 1972 |p 1815245 |r 2023-01-25 |w 2019-11-19 |y BK |k DER | ||
| 952 | |0 0 |1 0 |4 0 |6 322_500000000000000_LIN_1972 |7 0 |8 A |9 280419 |a BIBHIS |b BIBHIS |d 2019-11-19 |i 1331272 |o 322.5 LIN 1972 |p 1331272 |r 2025-01-20 |w 2019-11-19 |y BK |k HIS | ||